00325nam a2200121Ia 4500008004100000041000800041082001700049100001700066245004900083260003200132300003200164365000700196240624s9999 xx 000 0 und d aeng a301.0954 SRI aSRIDHAR DEVI aANTHROPOLOGISTS INSIDE ORGANISATIONS SOUTH A c2008aNew DelhibSage India aviii, : 170 : p. : cm. ; 22 cRS